Josep Carner i Carles Riba : l'aventura de dos poetes / selecció i pròleg de Joaquim Molas l'aventura de dos poetes / selecció i pròleg de Joaquim Molas
ISBN:
84-8437-611-7
Descripción Física:
2 v. : il., col. ; 28 cm
Colección:
Llibres d'abril
Materias:
Riba, Carles
MARC
| LEADER | 00000nam a2200000Ia 4500 | ||
|---|---|---|---|
| 001 | 16066, 16067 | ||
| 008 | 160829s2003 xx 000 0 cat d | ||
| 020 | |a 84-8437-611-7 (Proa), 84-7794-908-5 (Institut d'edicions) | ||
| 080 | |a L-2-37, L-2-38 | ||
| 245 | |a Josep Carner i Carles Riba : |b l'aventura de dos poetes / selecció i pròleg de Joaquim Molas | ||
| 260 | |a Barcelona : |b Proa : |b Institut d'Edicions de la Diputació de Barcelona, |c 2003 | ||
| 300 | |a 2 v. : |b il., col. ; |c 28 cm | ||
| 490 | |a Llibres d'abril | ||
| 590 | |a En estoig. | ||
| 590 | |a Conté: v. 1: Josep Carner; v. 2: Carles Riba | ||
| 650 | |a Riba, Carles | ||
| 700 | |a Riba, Carles | ||
| 700 | |a Carner, Josep, |d 1884-1970 |9 24255 | ||
| 700 | |a Molas, Joaquim, |d 1930-2015 |e escriptor del pròleg |9 37692 | ||
| 710 | |a Barcelona (Catalunya : Província). |b Institut d'Edicions |9 53854 | ||
| 901 | |a Arxiu | ||
| 942 | |n 1 |2 udc | ||
| 952 | |0 0 |1 0 |4 0 |6 L237_L238 |7 1 |9 54836 |a Arxiu |b Arxiu |d 2016-12-01 |l 0 |o L-2-37, L-2-38 |p 16066, 16067 |r 2016-12-01 00:00:00 |w 2016-12-01 |y ARXIU | ||
| 999 | |c 58706 |d 58706 | ||